Analýza cien a cenotvorba vo vybraných sieťových odvetviach

Gespeichert in:
Bibliographische Detailangaben
1. Verfasser: Kufelová, Iveta, 1970-
Format: Buchkapitel
Sprache:Slowakisch
Tags: Tag hinzufügen
Keine Tags, Fügen Sie das erste Tag hinzu!

MARC

LEADER 00000naa$a2200000$$$4500
001 0214576
005 20240502073603.9
041 0 |a slo 
044 |a SK 
245 1 0 |a Analýza cien a cenotvorba vo vybraných sieťových odvetviach  |c Iveta Kufelová 
100 1 |a Kufelová, Iveta, 1970-